000 01850nam0a22003491 4500
001 rc\771410
005 20260407120412.0
010 _d14 к.
_9300
021 _aRU
_b84-13984
035 _a(NLR Aleph) 006298029
090 _a7221293
_c7221293
100 _a20040301d1984 |||y0rusy50 ca
101 0 _arus
102 _aRU
105 _aa j||||||||
200 1 _aАвтоматизация процесса производства цветных кинескопов
_eучебное пособие по курсу "Автоматизация производственных процессов"
_f[Л.И. Волчкевич, Ю.П. Замчалов, В.Т. Рябов, Ю.Р. Степаньянц]
_gпод ред. Л.И. Волчкевича
_gМВТУ им. Н.Э. Баумана
210 _aМосква
_cМВТУ
_d1984
215 _a64 с., 1 л. схем.
_cил.
_d20
300 _aАвт. указаны на обороте тит. л.
606 1 _aТелевизионные электронно-лучевые трубки приемные для цветного телевидения
_jУчебные издания для высших учебных заведений
_xПроизводство
_91759609
_3RU\NLR\AUTH\661084323
686 0 _aз851.132.21-06-5-05я73-1
_2rubbk
701 1 _aВолчкевич
_bЛ. И.
_gЛеонид Иванович
_4070
_4340
701 1 _aЗамчалов
_bЮ. П.
_gЮрий Павлович
701 1 _aРябов
_bВ. Т.
_gВладимир Тимофеевич
701 1 _aСтепаньянц
_bЮ. Р.
_gЮрий Рубенович
712 0 2 _4650
_aМВТУ им. Н. Э. Баумана
_3RU\NLR\AUTH\889951591
_9399134
801 0 _aRU
_bNLR
_gpsbo
801 1 _aRU
_bELAR
_2rusmarc
801 2 _aRU
_bNLR
_c20140411
_2rusmarc
852 _aNLR
_j84-4/12991
942 _cBOOK
980 _aNB